Le cavalier dans l'art
Guardat en:
| Format: | Llibre |
|---|---|
| Idioma: | francès |
| Publicat: |
París
Lausanne
1962
|
| Col·lecció: | Bibliotheque des Arts
|
| Matèries: | |
| Etiquetes: |
Afegir etiqueta
Sense etiquetes, Sigues el primer a etiquetar aquest registre!
|
MARC
| LEADER | 00000nam a2200000 a 4500 | ||
|---|---|---|---|
| 001 | UCW0037 | ||
| 003 | CL-VaPUC | ||
| 008 | 930916e19620000FR |||||||||||||||||fre|d | ||
| 082 | 0 | 4 | |a 758.3 |b CAV |2 21 |
| 245 | 1 | 3 | |a Le cavalier dans l'art |
| 300 | |a 222 p | ||
| 942 | |c BK | ||
| 945 | |d 19930916 00:00:00 | ||
| 260 | |a París |b Lausanne |c 1962 | ||
| 650 | 7 | |a CABALLOS |2 CL-VaPUC |9 269057 | |
| 650 | 0 | |a Arte |9 265238 | |
| 583 | |a last modification |c 20150112 02:04:25 |k Rodrigo Vera | ||
| 490 | 0 | |a Bibliotheque des Arts | |
| 999 | |c 215289 |d 215287 | ||
| 952 | |0 0 |1 0 |4 0 |6 758_300000000000000_CAV_1962 |7 0 |8 A |9 199374 |a BIBARQ |b BIBARQ |d 2019-11-14 |i 2666774 |o 758.3 CAV 1962 |p 2666774 |r 2025-01-20 |w 2019-11-14 |y BK |k ARQ | ||